Historia del Concilio Vaticano II

Na minha lista:
Detalhes bibliográficos
Main Authors: Alberigo, Giuseppe (Author), Beozzo, J. Oscar (Author), Fouilloux, Etienne (Author), Komonchak, Joseph A (Author), Wittstadt, Klaus (Author), Fogarty, Gerald (Author), Grootaers, Jan (Author), Lamberigts, Mathijs (Author), Raguer, Hilari (Author), Riccardi, Andrea (Author), Ruggieri, Giuseppe (Author), Famerée, Joseph (Author), Kaczynski, Reiner (Author), Soetens, Claude (Author), Vilanova, Evangelista (Author), Burigana, Riccardo (Author), Miccoli, Giovanni (Author), Sauer, Hanjo (Author), Tanner, Norman (Author), Tagle, Luis Antonio G (Author), Turbanti, Giovanni (Author), Hünermann, Peter (Author), Routhier, Gilles (Author), Theobald, Christophe (Author), Velati, Mauro (Author), Vischer, Lukas (Author)
Outros Autores: Melloni, Alberto (autor)
Formato: Livro
Idioma:espanhol
Publicado em: Salamanca Ediciones Sígueme 1999
Edição:1a. ed
Colecção:El Peso de los Días, 26, 28, 52, 55, 59
Assuntos:
Tags: Adicionar Tag
Sem tags, seja o primeiro a adicionar uma tag!

MARC

LEADER 00000cam a2200000 a 4500
001 UCE1462
003 CL-VaPUC
008 140414e19990000sp |||||||||||||||||spa|d
020 |a 8430113762o.c 
020 |a 8430113770v.1 
020 |a 8430114521v.2 
020 |a 8430116087v.3 
020 |a 9788430116300v.4 
020 |a 9788430116645v.5 
082 0 4 |a 262.5  |b ALB  |2 21 
100 0 |a Alberigo, Giuseppe  |e author  |9 573764 
700 0 |a Beozzo, J. Oscar  |e author  |9 573765 
700 0 |a Fouilloux, Etienne  |e author  |9 573766 
700 0 |a Komonchak, Joseph A  |e author  |9 573767 
700 0 |a Wittstadt, Klaus  |e author  |9 573768 
700 0 |a Fogarty, Gerald  |e author  |9 573769 
700 0 |a Grootaers, Jan  |e author  |9 573770 
700 0 |a Lamberigts, Mathijs  |e author  |9 573771 
700 0 |a Raguer, Hilari  |e author  |9 573772 
700 0 |a Riccardi, Andrea  |e author  |9 573773 
700 0 |a Ruggieri, Giuseppe  |e author  |9 573774 
700 0 |a Famerée, Joseph  |e author  |9 573775 
700 0 |a Kaczynski, Reiner  |e author  |9 573776 
700 |a Melloni, Alberto  |e autor  |9 593050 
700 0 |a Soetens, Claude  |e author  |9 573778 
700 0 |a Vilanova, Evangelista  |e author  |9 573779 
700 0 |a Burigana, Riccardo  |e author  |9 573780 
700 0 |a Miccoli, Giovanni  |e author  |9 573781 
700 0 |a Sauer, Hanjo  |e author  |9 573782 
700 0 |a Tanner, Norman  |e author  |9 573783 
700 0 |a Tagle, Luis Antonio G  |e author  |9 573784 
700 0 |a Turbanti, Giovanni  |e author  |9 573785 
700 |a Hünermann, Peter  |e author  |9 591778 
700 0 |a Routhier, Gilles  |e author  |9 573787 
700 0 |a Theobald, Christophe  |e author  |9 573788 
700 0 |a Velati, Mauro  |e author  |9 573789 
700 0 |a Vischer, Lukas  |e author  |9 573790 
245 1 0 |a Historia del Concilio Vaticano II 
250 |a 1a. ed 
300 |a v 
942 |c BK 
945 |d 20140414  |a dcastane 
260 |a Salamanca  |b Ediciones Sígueme  |c 1999 
500 |a v.1: el Catolicismo hacia una nueva era. El anuncio y la preparación -enero 1959-septiembre 1962 
500 |a v.2: la formación de la conciencia conciliar. El primer período y la primera intersesión -octubre 1962-septiembre 1963 
500 |a v.3: el Concilio maduro. El segundo período y la segunda intersesión -septiembre 1963-septiembre 1964 
500 |a v.4: la Iglesia como comunión. El tercer período y la tercera intersesión -septiembre 1964-septiembre 1965 
500 |a v.5: un Concilio de transición. El cuarto período y la conclusión del Concilio -septiembre-diciembre 1965 
650 0 |a Concilio Vaticano II  |9 258399 
650 0 |a Documentos pontificios   |9 255642 
650 0 |a Iglesia Católica  |9 256114 
650 0 |a Historia de la iglesia católica   |9 310593 
583 |a last modification  |c 20140424 12:16:36  |k Rodrigo Vera 
490 0 |a El Peso de los Días, 26, 28, 52, 55, 59 
999 |c 355243  |d 355241 
952 |0 0  |1 0  |3 erb  |4 0  |6 262_500000000000000_ALB_1999  |7 0  |8 A  |9 461799  |a BIBTEO  |b BIBTEO  |h v.1  |i 506810K  |o 262.5 ALB 1999  |p 506810K  |r 2025-01-17  |w 2019-11-23  |y BK  |z Catalogado en:20140414  |k ICR 
952 |0 0  |1 0  |3 erb  |4 0  |6 262_500000000000000_ALB_1999  |7 0  |8 A  |9 461800  |a BIBTEO  |b BIBTEO  |h v.2  |i 5068118  |o 262.5 ALB 1999  |p 5068118  |r 2025-01-17  |w 2019-11-23  |y BK  |z Catalogado en:20140414  |k ICR 
952 |0 0  |1 0  |3 erb  |4 0  |6 262_500000000000000_ALB_1999  |7 0  |8 A  |9 461801  |a BIBTEO  |b BIBTEO  |h v.3  |i 5068126  |o 262.5 ALB 1999  |p 5068126  |r 2025-01-17  |w 2019-11-23  |y BK  |z Catalogado en:20140414  |k ICR 
952 |0 0  |1 0  |3 erb  |4 0  |6 262_500000000000000_ALB_1999  |7 0  |8 A  |9 461802  |a BIBTEO  |b BIBTEO  |h v.4  |i 5068134  |o 262.5 ALB 1999  |p 5068134  |r 2025-01-17  |w 2019-11-23  |y BK  |z Catalogado en:20140414  |k ICR 
952 |0 0  |1 0  |3 erb  |4 0  |6 262_500000000000000_ALB_1999  |7 0  |8 A  |9 461803  |a BIBTEO  |b BIBTEO  |h v.5  |i 5068142  |o 262.5 ALB 1999  |p 5068142  |r 2025-01-17  |w 2019-11-23  |y BK  |z Catalogado en:20140414  |k ICR 
952 |0 0  |1 0  |3 erd  |4 0  |6 262_500000000000000_ALB_1999  |7 0  |8 A  |9 461804  |a BIBTEO  |b BIBTEO  |h v.1  |i 544022K  |o 262.5 ALB 1999  |p 544022K  |r 2025-01-17  |w 2019-11-23  |y BK  |z Catalogado en:20171201  |k ICR 
952 |0 0  |1 0  |3 erd  |4 0  |6 262_500000000000000_ALB_1999  |7 0  |8 A  |9 461805  |a BIBTEO  |b BIBTEO  |h v.2  |i 5440211  |o 262.5 ALB 1999  |p 5440211  |r 2025-01-17  |w 2019-11-23  |y BK  |z Catalogado en:20171201  |k ICR 
952 |0 0  |1 0  |3 erd  |4 0  |6 262_500000000000000_ALB_1999  |7 0  |8 A  |9 461806  |a BIBTEO  |b BIBTEO  |h v.3  |i 5440181  |o 262.5 ALB 1999  |p 5440181  |r 2025-01-17  |w 2019-11-23  |y BK  |z Catalogado en:20171201  |k ICR 
952 |0 0  |1 2  |3 erd  |4 0  |6 262_500000000000000_ALB_1999  |7 0  |8 A  |9 461807  |a BIBTEO  |b BIBTEO  |h v.4  |i 5440203  |o 262.5 ALB 1999  |p 5440203  |r 2019-11-23  |w 2019-11-23  |y BK  |z Catalogado en:20171201  |k ICR 
952 |0 0  |1 0  |3 erd  |4 0  |6 262_500000000000000_ALB_1999  |7 0  |8 A  |9 461808  |a BIBTEO  |b BIBTEO  |h v.5  |i 544019K  |o 262.5 ALB 1999  |p 544019K  |r 2025-01-17  |w 2019-11-23  |y BK  |z Catalogado en:20171201  |k ICR 
952 |0 0  |1 0  |3 erd  |4 0  |6 262_500000000000000_ALB_1999  |7 0  |8 A  |9 461809  |a BIBHIS  |b BIBHIS  |h v.4  |i 545915K  |o 262.5 ALB 1999  |p 545915K  |r 2025-01-20  |w 2019-11-23  |y BK  |z Catalogado en:20180323  |k HIS